Statistics for Biggest European Cities by Letter - C

Click here to take the quiz!

General Stats

  • This quiz has been taken 40 times
  • The average score is 11 of 25

Answer Stats

Rank Population Country Hint City % Correct
11,296,000DenmarkThe Little MermaidCopenhagen
100%
31,061,000GermanyGerman: KölnCologne
100%
7346,000United KingdomCapital of WalesCardiff
97%
24155,000United KingdomUniversity cityCambridge
84%
4532,000MoldovaCapitalChisinau
78%
23155,000ItalyCapital of SardiniaCagliari
70%
21,192,000RussiaMeteor 2013Chelyabinsk
59%
8327,000SpainWarmest summer high temperatures in EuropeCórdoba
57%
11314,000ItalyEtnaCatania
57%
6355,000United KingdomNo other UK-City is farther away from the coastCoventry
54%
9325,000RomaniaThe Heart of TransylvaniaCluj-Napoca
49%
18249,000GermanyFormerly called Karl-Marx-StadtChemnitz
41%
20215,000SpainIn antiquity known as Carthago NovaCartagena
41%
13284,000RomaniaBiggest Romanian port on the Black SeaConstanta
38%
21202,000BelgiumMuseum of Fine ArtsCharleroi
35%
25141,000FranceMassif CentralClermont-Ferrand
30%
15269,000RomaniaUniversity townCraiova
22%
19228,000PolandPauline monastery of Jasna Gora (Black Madonna)Częstochowa
22%
22181,000SpainValencian city crossed by the Prime MeridianCastellón de la Plana
16%
5481,000RussiaLocated on the right bank of the VolgaCheboksary
16%
17254,000TurkeyEastern ThraceÇorlu
11%
14284,000UkraineLocated on the right bank of the DnieperCherkassy
11%
12294,000UkraineOldest cathedral of the UkraineChernigov
11%
10319,000RussiaSteel (Severstal)Cherepovets
11%
16266,000UkraineNear the Romanian borderChernivtsi
8%

Score Distribution

Percentile by Number Answered

Percent of People with Each Score

Your Score History

You have not taken this quiz